000 01956nam a2200313 a 4500
001 000000434
003 DO-SdBNP
005 20220708103228.0
007 000000434
008 081124s2002 cu a 001 0 spa d
020 _a9590807704
040 _aBPMSU
_bspa
_cBPMSU
082 _aCu863.2
_bM378e 2005
_222
100 1 _aMartí, José,
_d1853-1895
245 1 3 _aLa edad de oro /
_cJosé Martí.
250 _a9 ed.
260 _aLa Habana, Cuba :
_bGente Nueva,
_c2005.
300 _a267 p. :
_bil. ;
_c20 cm.
490 1 _aBiblioteca Escolar
500 _a"Este libro está formado con los cuatro números de la revista La edad de oro, que Martí escribió para los niños de América. La revista se publicó en Nueva York, en los meses de julio, agosto, septiembre y octubre del año 1889. Los grabados son reproducción de los originales de la revista."
505 0 _gPrimer número.
_tA los niños que lean La Edad de Oro --
_tTres héroes --
_tDos milagros --
_tMeñique --
_tCada uno a su oficio --
_tLa Ilíada, de Homero --
_tUn juego nuevo y otros viejos --
_tBebé y el señor Don Pomposo --
_tLa última página --
_gSegundo número.
_tLa historia del hombre contada por sus casas --
_tLos dos príncipes --
_tNené traviesa --
_tLa perla de la mora --
_tLas ruinas indias --
_tMúsicos, poetas y pintores --
_tLa última página --
_gTercer número.
_tLa exposición de París --
_tEl camarón encantado --
_tEl padre las Casas --
_tLos zapaticos de rosa --
_tLa última página --
_gCuarto número.
_tUn paseo por la tierra de los anamitas --
_tHistoria de la cuchara y el tenedor --
_tLa muñeca negra --
_tCuentos de elefantes --
_tLos dos ruiseñores --
_tLa galería de las máquinas --
_tLa última página.
650 4 _aCuentos juveniles cubanos
650 4 _a Libros de lectura para jóvenes
650 4 _aFábulas
_vColecciones.
650 4 _aLiteratura juvenil cubana
830 0 _aBiblioteca Escolar
910 _aVMateo V
942 _2ddc
_cBK
999 _c11072
_d11072